Online Catalogue and eLibrary

The Folk Drama of Ceylon (Record no. 2998)

MARC details
000 -LEADER
fixed length control field 00398nam a2200157Ia 4500
005 - DATE AND TIME OF LATEST TRANSACTION
control field 20240809051949.0
008 - FIXED-LENGTH DATA ELEMENTS--GENERAL INFORMATION
fixed length control field 240331s9999 xx 000 0 und d
082 ## - DDC Classification
Item Number - Author Mark SAR
Class No. 398.2
100 ## - MAIN ENTRY--PERSONAL NAME
Personal name Sarachchandra, E.R.
245 #4 - TITLE STATEMENT
Title The Folk Drama of Ceylon
260 ## - PUBLICATION, DISTRIBUTION, ETC.
Place of publication, distribution, etc. Ceylon
Name of publisher, distributor, etc. The Dept. of Cultural Affairs
Date of publication, distribution, etc. 1966
300 ## - PHYSICAL DESCRIPTION
Extent (e.g. Volumes, Pages etc.) xiii, 189 p .,
650 ## - SUBJECT ADDED ENTRY--TOPICAL TERM
Topical term or geographic name entry element Cultural
650 ## - SUBJECT ADDED ENTRY--TOPICAL TERM
Topical term or geographic name entry element Religion
942 ## - Koha item type (Biblio)
Koha item type Books in Stacks (Lending)
Holdings
Lost status Damaged status Collection code Home library Current library Shelving location Date acquired Full call number Accession Number Item type
    Lending WERC Library WERC Library Social Science Cupboard 03/31/2024 398.2 SAR 3 Books in Stacks (Lending)

© WERC Library